[Event "Open"]
[Site "Oberwart AUT"]
[Date "2002.07.05"]
[Round "1"]
[White "Wiater,G"]
[Black "Weiss,C"]
[Result "0-1"]
[WhiteElo "2013"]
[BlackElo "2421"]

1.e4 c5 2.Nf3 e6 3.d4 cxd4 4.Nxd4 a6 5.Nc3 Qc7 6.a3 Nf6 7.Be2 b5 8.O-O Bb7
9.Bf3 d6 10.Re1 Nbd7 11.g3 Be7 12.Bg2 O-O 13.Bd2 Ne5 14.Na2 Rfd8 15.Qe2 Rac8
16.Rac1 Rd7 17.Nb4 Qb8 18.Kh1 Qa7 19.c3 Nc4 20.Rc2 Qa8 21.Bc1 h6 22.Nd3 Bf8
23.f3 g6 24.Nb3 Bg7 25.Nd2 e5 26.Nf1 Re8 27.Qf2 Rde7 28.g4 d5 29.Ng3 dxe4
30.Nxe4 Bxe4 31.fxe4 Nxg4 32.Qg3 Nf6 33.Rce2 Qd8 34.Nb4 Qd6 35.Bf3 a5 36.Nc2 Qe6
37.Ne3 Nd6 38.Nd5 Nxd5 39.exd5 Qd7 40.Rd1 b4 41.axb4 axb4 42.cxb4 Qb5 43.Rc2 Qxb4
44.Qh3 e4 45.Be2 e3 46.Rc3 Ne4 47.Bxe3 Ng5 48.Bxg5 Rxe2 49.Bh4 Qe4+ 50.Kg1 Bd4+  0-1

[Event "XX Open"]
[Site "Andorra la Vella AND"]
[Date "2002.07.06"]
[Round "1"]
[White "Arizmendi Martinez,J"]
[Black "Munoz Bornao,M"]
[Result "1-0"]
[WhiteElo "2503"]
[BlackElo "2115"]

1.e4 c5 2.Nf3 e6 3.Nc3 a6 4.d4 cxd4 5.Nxd4 Qc7 6.g3 b5 7.Bg2 Bb7 8.O-O Nf6
9.Re1 d6 10.a4 b4 11.Na2 d5 12.exd5 Bxd5 13.Bxd5 Nxd5 14.Nxe6 fxe6 15.Qxd5  1-0

[Event "FSIMA July"]
[Site "Budapest HUN"]
[Date "2002.07.06"]
[Round "1"]
[White "Dencsi,T"]
[Black "Predojevic,B"]
[Result "0-1"]
[WhiteElo "2232"]
[BlackElo "2359"]

1.e4 c5 2.Nf3 e6 3.d4 cxd4 4.Nxd4 a6 5.Nc3 Qc7 6.Be2 b5 7.Bf3 Bb7 8.O-O Nc6
9.Nxc6 dxc6 10.Qe2 Bd6 11.g3 Ne7 12.Bg5 Be5 13.Bg2 O-O 14.Rad1 c5 15.Be3 b4
16.Na4 Bc6 17.Nxc5 Bb5 18.Qg4 Bxf1 19.Rd7 Qc6 20.Kxf1 Ng6 21.f4 Bxb2 22.e5 Qb5+
23.Qe2 Rad8 24.Qxb5 axb5 25.Rxd8 Rxd8 26.Ke2 Ne7 27.Nd3 Bc3 28.Bc5 Nd5 29.Bxd5 Rxd5
30.Ke3 f6 31.Ke4 Kf7 32.g4 h6 33.h4 h5 34.gxh5 f5+ 35.Kf3 Rd8 36.Bd6 Ra8
37.Bxb4 Bxb4 38.Nxb4 Ra4 39.Nc6 Rc4 40.Na7 b4 41.h6 gxh6 42.Nb5 Rxc2  0-1

[Event "30th World Open"]
[Site "Philadelphia USA"]
[Date "2002.07.06"]
[Round "8"]
[White "Rowson,J"]
[Black "Ginsburg,M"]
[Result "1-0"]
[WhiteElo "2527"]
[BlackElo "2388"]

1.e4 c5 2.Nf3 e6 3.d4 cxd4 4.Nxd4 a6 5.Nc3 Qc7 6.Bd3 Nf6 7.Qe2 Nc6 8.Nxc6 bxc6
9.O-O d5 10.b3 Be7 11.Re1 Bb4 12.Bd2 Qe5 13.Na4 Bxd2 14.Qxd2 dxe4 15.Qe2 O-O
16.Bxe4 Qc7 17.Bf3 Rd8 18.Rad1 Rxd1 19.Rxd1 e5 20.Re1 Bf5 21.Qxe5 Qxe5 22.Rxe5 Bxc2
23.Rc5 Re8 24.h3 Re1+ 25.Kh2 Bd3 26.Rxc6 h5 27.Nc5 Be2 28.Bxe2 Rxe2 29.Rxa6 Rxf2
30.Nd3 Re2 31.Ra5 g6 32.a4 Ne4 33.Re5 f5 34.Nf4 Rb2 35.Nxg6 Rxb3 36.Rxf5 Ra3
37.Rxh5 Kg7 38.Ne5 Rxa4 39.Rh4  1-0

[Event "XX Open"]
[Site "Andorra la Vella AND"]
[Date "2002.07.07"]
[Round "2"]
[White "Delchev,A"]
[Black "Aleksieva,S"]
[Result "1-0"]
[WhiteElo "2557"]
[BlackElo "2362"]

1.e4 c5 2.Nf3 e6 3.Nc3 a6 4.d4 cxd4 5.Nxd4 d6 6.a4 b6 7.f4 Bb7 8.Be2 Nc6
9.Bf3 Rc8 10.Be3 Na5 11.Bf2 Nf6 12.Nde2 Nd7 13.O-O Be7 14.f5 Ne5 15.Nf4 Bg5
16.Nd3 Nxf3+ 17.Qxf3 O-O 18.Qg4 exf5 19.Qxf5 Nc4 20.Nd5 Bxd5 21.exd5 Ne3
22.Bxe3 Bxe3+ 23.Kh1 Rxc2 24.Rae1 Bh6 25.Ne5 Rc7 26.Nc6 Qh4 27.Re4 Qg5 28.Qf2 Rb7
29.h4 Qxd5 30.Ne7+ Rxe7 31.Rxe7 Qc4 32.Rd1 Qxa4 33.Rxd6 g6 34.Rxb6 Qa2 35.Qe1 a5
36.Re8 a4 37.Rbb8 Qc4 38.Rxf8+ Bxf8 39.Qg3 Kg7 40.Qe5+ Kg8 41.h5 Qh4+ 42.Kg1 gxh5
43.Re8 Qg4 44.Qd6 Qg7 45.Kh1 f5 46.Ra8 h4 47.Qd5+ Qf7 48.Qxf7+ Kxf7 49.Rxa4 Be7
50.Kh2 Bf6 51.b4 Ke6 52.Ra6+ Ke5 53.b5 Bg5 54.Kh3 Kd5 55.Rc6  1-0

[Event "23rd Open"]
[Site "Bled SLO"]
[Date "2002.07.07"]
[Round "6"]
[White "Sakelsek,T"]
[Black "Orel,O"]
[Result "1/2-1/2"]
[WhiteElo "2245"]
[BlackElo "2346"]

1.e4 c5 2.Nf3 e6 3.d4 cxd4 4.Nxd4 a6 5.Nc3 Qc7 6.Bd3 Nf6 7.O-O d6 8.Kh1 Nbd7
9.f4 b5 10.Bd2 Bb7 11.Qe2 e5 12.fxe5 dxe5 13.Nb3  1/2-1/2

[Event "XX Open"]
[Site "Andorra la Vella AND"]
[Date "2002.07.08"]
[Round "3"]
[White "Rodriguez Guerrero,E"]
[Black "Kulaots,K"]
[Result "0-1"]
[WhiteElo "2324"]
[BlackElo "2535"]

1.e4 c5 2.Nf3 e6 3.d4 cxd4 4.Nxd4 a6 5.Nc3 b5 6.Bd3 Qb6 7.Nf3 Nc6 8.O-O Qb8
9.Re1 Nge7 10.Bg5 Ng6 11.Qd2 h6 12.Be3 Be7 13.Rad1 O-O 14.h3 Bb7 15.Bf1 d6
16.h4 Nce5 17.Nxe5 dxe5 18.h5 Nf4 19.Bxf4 exf4 20.e5 b4 21.Nb1 f3 22.g3 Rd8
23.Qf4 Qc7 24.Bd3 Qa5 25.Nd2 Bg5 26.Nc4 Qc5 27.Qg4 Bd5 28.b3 Rac8 29.Nd6 f5
30.Nxf5 exf5 31.Qxf5 Qf8 32.Qh7+ Kf7 33.Qg6+ Ke7 34.Qxa6 Rb8 35.Qa7+ Rb7
36.Qc5+ Ke6 37.Qa5 Qe8 38.Bg6 Qb5 39.Qxb5 Rxb5 40.Rd3 Bc6 41.Red1 Rxd3 42.cxd3 Rxe5
43.d4 Re2  0-1

[Event "XX Open"]
[Site "Andorra la Vella AND"]
[Date "2002.07.08"]
[Round "3"]
[White "Iglesias,Jo"]
[Black "Zapata,A"]
[Result "0-1"]
[WhiteElo "2366"]
[BlackElo "2549"]

1.e4 c5 2.Nf3 e6 3.d4 cxd4 4.Nxd4 a6 5.Nc3 Qc7 6.Be2 b5 7.O-O Bb7 8.Bf3 Nc6
9.Nxc6 dxc6 10.Qe2 e5 11.Be3 Nf6 12.a4 Be7 13.axb5 axb5 14.Rxa8+ Bxa8 15.Nb1 O-O
16.Nd2 Rb8 17.c4 Qa5 18.Rc1 Qb4 19.Rc2 Bb7 20.Qd1 Bc8 21.Qc1 Be6 22.cxb5 cxb5
23.Nb1 Nxe4 24.Bd2 Ra8 25.Nc3 Ra7 26.Bxe4 Rd7 27.g3 Rd4 28.Bc6 Bc4 29.Qa1 g6
30.Rc1 Kg7  0-1

[Event "23rd Open"]
[Site "Bled SLO"]
[Date "2002.07.08"]
[Round "7"]
[White "Brkic,A"]
[Black "Eljanov,V"]
[Result "0-1"]
[WhiteElo "2351"]
[BlackElo "2426"]

1.e4 c5 2.Nf3 e6 3.d4 cxd4 4.Nxd4 a6 5.Nc3 Qc7 6.Be2 Nf6 7.O-O Nc6 8.Be3 Be7
9.f4 d6 10.Bf3 O-O 11.Qe1 Nxd4 12.Bxd4 e5 13.Be3 b5 14.a3 Bb7 15.Rd1 exf4
16.Bxf4 Nd7 17.Rf2 Ne5 18.Nd5 Bxd5 19.Rxd5 Bh4 20.g3 Bf6 21.c3 Rfe8 22.Bg2 Rac8
23.Kh1 Nc4 24.Bf1 Be5 25.Bxc4 bxc4 26.Rfd2 Bxf4 27.gxf4 Qb7 28.Kg1 h6 29.Qe3 Rc6
30.Kf2 Rb6 31.Qe2 Qe7 32.Qe3 Reb8 33.Qe2 Qh4+ 34.Ke3 Qh3+ 35.Qf3 Qh4 36.Qg3 Qe7
37.Qf2 Re8 38.R5d4 d5 39.e5 f6 40.Rxd5 fxe5 41.Rxe5 Qc5+ 42.Kf3 Qc6+ 43.Ke2 Rf8
44.Qf3 Qg6 45.Re4 Re6 46.Rxe6 Qxe6+ 47.Kd1 Qf5 48.Qd5+ Qxd5 49.Rxd5 Rxf4
50.Ra5 Rf2 51.Rxa6 Rxb2 52.Rc6 Rxh2 53.Rxc4 h5 54.a4 Kh7 55.a5 Ra2 56.Rc5 Kh6
57.Ke1 h4 58.Kf1 g5 59.Rc6+ Kh5 60.a6 h3 61.Kg1 Kh4 62.Rd6 g4 63.c4 Ra1+
64.Kf2 Ra2+ 65.Ke3 h2 66.Rh6+ Kg3 67.c5 Rxa6  0-1

[Event "23rd Open"]
[Site "Bled SLO"]
[Date "2002.07.09"]
[Round "8"]
[White "Stojanovski,D"]
[Black "Orel,O"]
[Result "1-0"]
[WhiteElo "2416"]
[BlackElo "2346"]

1.e4 c5 2.Nf3 e6 3.d4 cxd4 4.Nxd4 a6 5.Nc3 Qc7 6.Bd3 Nc6 7.Be3 Nf6 8.O-O Nxd4
9.Bxd4 Bc5 10.Bxc5 Qxc5 11.Kh1 d6 12.f4 O-O 13.Qe1 e5 14.Qh4 exf4 15.Nd5 Nxd5
16.exd5 g6 17.Rxf4 Qxd5 18.Bc4 Qh5 19.Bxf7+ Rxf7 20.Qd8+ Kg7 21.Rxf7+ Kxf7
22.Rf1+ Ke6 23.Rf6+ Kd5 24.Qxd6+  1-0

[Event "XX Open"]
[Site "Andorra la Vella AND"]
[Date "2002.07.11"]
[Round "6"]
[White "Baches Garcia,G"]
[Black "Paunovic,D"]
[Result "0-1"]
[WhiteElo "2368"]
[BlackElo "2518"]

1.e4 c5 2.Nf3 e6 3.d4 cxd4 4.Nxd4 a6 5.Nc3 Qc7 6.Be2 Nf6 7.O-O Be7 8.f4 d6
9.Be3 O-O 10.g4 d5 11.exd5 Nxd5 12.Nxd5 exd5 13.Bf3 Re8 14.Qd2 Nc6 15.Rad1 Bd7
16.Rfe1 Rad8 17.Nb3 Bh4 18.Re2 Bf6 19.c3 Na5 20.Nxa5 Qxa5 21.a3 Ba4 22.Rde1 Bb5
23.Rg2 g6 24.Rd1 Ba4 25.Rc1 d4 26.Bxd4 Qc7 27.Re2 Rxe2 28.Bxe2 Bc6 29.Rd1 Qd7
30.Rf1 Bxd4+ 31.cxd4 Qxd4+ 32.Qxd4 Rxd4 33.Rf2 Kf8 34.Bf1 g5 35.Bg2 Bxg2
36.Kxg2 gxf4 37.Rc2 Rd3 38.Rf2 Rb3 39.a4 a5 40.h4 Kg7 41.Rxf4 Rxb2+ 42.Kf3 Rb4
43.Rf5 b6 44.h5 Rxa4 45.g5 Rh4 46.h6+ Kg6 47.Rf6+ Kxg5 48.Rxb6 Ra4 49.Ra6 Ra1  0-1

[Event "1st Open"]
[Site "Condom FRA"]
[Date "2002.07.14"]
[Round "3"]
[White "Cioara,A"]
[Black "Miezis,N"]
[Result "1/2-1/2"]
[WhiteElo "2414"]
[BlackElo "2483"]

1.e4 c5 2.Nf3 e6 3.d4 cxd4 4.Nxd4 a6 5.Nc3 Qc7 6.Bd3 Nc6 7.Nb3 Bd6 8.Qg4 Be5
9.f4 Nf6 10.Qh4 Bxc3+ 11.bxc3 d5 12.e5 Ne4 13.Bxe4 dxe4 14.Ba3 Ne7 15.O-O-O Nf5
16.Qh3 b6 17.g4 Ne7 18.Bd6 Qb7 19.Nd4 Qd7 20.Qh4 Bb7 21.f5 e3 22.Rhe1 Nd5
23.c4 Nf4 24.Qg3 g5 25.fxg6 Nxg6 26.Qxe3 Qa4 27.Qb3 Qxb3 28.axb3 h5 29.g5 h4
30.Rg1 h3 31.Rg4 Bg2 32.Rd2 O-O-O 33.Rf2 Rh7 34.Rf6 Rg8 35.Kd2 Kd7 36.Ke3 Rhg7
37.Ne2 Nh8 38.Kf4 Ng6+ 39.Ke3 Nh8 40.Rh6 Ng6 41.Ng3 Ne7 42.Rf6 Ke8 43.Kf4 Ng6+
44.Ke3 Ne7 45.Kf4  1/2-1/2

[Event "SCCF State Ch"]
[Site "Costa Mesa USA"]
[Date "2002.07.14"]
[Round "4"]
[White "Peters,Joh"]
[Black "Ma,W"]
[Result "1/2-1/2"]
[WhiteElo "2456"]
[BlackElo "2294"]

1.e4 c5 2.Nf3 e6 3.d4 cxd4 4.Nxd4 a6 5.Nc3 b5 6.Bd3 Qb6 7.Nf3 Qc7 8.O-O d6
9.Re1 Nd7 10.Bf4 b4 11.Na4 Ne5 12.a3 bxa3 13.Rxa3 Nf6 14.Rb3 Nfd7 15.Be3 Be7
16.Nb6 Nxb6 17.Bxb6 Qd7 18.Bf1 Nxf3+ 19.Qxf3 O-O 20.e5 Bb7 21.Qh5 dxe5 22.Rxe5 Bf6
23.Rc5 Be4 24.Qe2 Bf5 25.Ba5 Qd4 26.Rc4 Qd5 27.Bc3 Bxc3 28.Rbxc3 Rfd8 29.Qf3 Qxf3
30.gxf3 h5 31.Ra4 Rd1 32.Kg2 Rb1 33.b3 Rd8 34.Bd3 Bxd3 35.Rxd3 Rxd3 36.cxd3 Rxb3
37.Rxa6 Rxd3 38.Ra5 g6 39.Ra7 Kg7 40.h3 Kf6 41.Rb7 Rd5 42.Ra7 Rg5+ 43.Kf1 Rf5
44.Kg2 Kg5 45.Kg3 h4+ 46.Kg2 f6 47.Ra6 e5 48.Rb6 Rf4 49.Ra6 Rd4 50.Rb6 Kf5
51.Ra6 Rd8 52.Rb6 Re8 53.Rb4 Kg5 54.Rg4+ Kh5 55.Ra4 Re6 56.Rb4 f5 57.Ra4 Kg5
58.Rb4 Rd6 59.Ra4 Rd4 60.Ra6 e4 61.fxe4 fxe4 62.Re6 Kf5 63.Re8 Rd6 64.Rh8 Kg5
65.Re8 Rd4 66.Re6 Kf5 67.Re8 Rd5 68.Re7 Re5 69.Ra7 Kf4 70.Rh7 Rg5+ 71.Kf1 Kf3
72.Rf7+ Rf5 73.Ra7 Rd5 74.Rf7+ Rf5 75.Ra7 e3 76.Ra3 Re5 77.fxe3 Kg3 78.e4+ Kf4
79.Kf2 Rxe4 80.Ra6 Kf5 81.Kf3 Re5 82.Ra4 Kg5 83.Ra3  1/2-1/2

[Event "3rd Stage Russian Cup"]
[Site "Tomsk RUS"]
[Date "2002.07.15"]
[Round "8"]
[White "Salinnikov,D"]
[Black "Saveljev,V"]
[Result "1/2-1/2"]
[WhiteElo "2327"]
[BlackElo "2265"]

1.e4 c5 2.Nf3 e6 3.d4 cxd4 4.Nxd4 a6 5.Nc3 Qc7 6.g3 Bb4 7.Bd2 Nf6 8.Bg2 Nc6
9.Nb3 O-O 10.O-O Be7 11.f4 b5 12.a3 Bb7 13.g4 d5 14.e5 Nd7 15.Ne2  1/2-1/2

[Event "TCh-POL Jun"]
[Site "Laczna POL"]
[Date "2002.07.16"]
[Round "2"]
[White "Czakon,J"]
[Black "Marszalek,M"]
[Result "1/2-1/2"]
[WhiteElo "2332"]
[BlackElo "2250"]

1.e4 c5 2.Nf3 e6 3.d4 cxd4 4.Nxd4 a6 5.Nc3 Qc7 6.Bd3 Nf6 7.O-O Bd6 8.h3 Nc6
9.Nxc6 dxc6 10.f4 e5 11.f5 Bc5+ 12.Kh1 b5 13.a4 b4 14.Nb1 Bb7 15.Qe2 a5 16.Nd2 Bd4
17.Nc4 h6 18.Bd2 Ba6 19.Rab1 Bxc4 20.Bxc4 Rd8 21.c3 bxc3 22.bxc3 Bc5 23.Bc1 Qe7
24.Qe1 Nh5 25.g3 O-O 26.Kg2 Rb8 27.Rxb8 Rxb8 28.Qe2 Nf6 29.g4 Ba3 30.Bd2 Rb2
31.Rd1 Qd6 32.Kf3 Bc5  1/2-1/2

[Event "1st Open"]
[Site "Condom FRA"]
[Date "2002.07.18"]
[Round "8"]
[White "Iordachescu,V"]
[Black "Smetankin,S"]
[Result "1-0"]
[WhiteElo "2555"]
[BlackElo "2455"]

1.e4 c5 2.Nf3 e6 3.Nc3 a6 4.d4 cxd4 5.Nxd4 Qc7 6.Bd3 d6 7.f4 Nc6 8.Nxc6 bxc6
9.O-O Nf6 10.Qe2 Be7 11.e5 Nd5 12.exd6 Bxd6 13.Ne4 Bxf4 14.Bxf4 Nxf4 15.Qg4 Ng6
16.Kh1 e5 17.Qg3 Qe7 18.Bc4 O-O 19.Ng5 Nf4 20.Rae1 Qc5 21.Qc3 Nd5 22.Qd3 g6
23.Rxe5 Bb7 24.Ne4 Qb4 25.c3 Qb6 26.Bxd5 cxd5 27.Nf6+ Kg7 28.Rh5 h6 29.Rxh6 Rh8
30.Rxh8 Rxh8 31.Ng4 d4 32.Qg3 Rh5 33.Nf6 Rb5  1-0

[Event "24th Politiken Cup"]
[Site "Copenhagen DEN"]
[Date "2002.07.18"]
[Round "4"]
[White "Mortensen,E"]
[Black "Epishin,V"]
[Result "1/2-1/2"]
[WhiteElo "2450"]
[BlackElo "2643"]

1.e4 c5 2.Nf3 e6 3.d4 cxd4 4.Nxd4 a6 5.Nc3 b5 6.Bd3 Qb6 7.Be3 Bc5 8.Be2 Nc6
9.Nxc6 Qxc6 10.e5 Bxe3 11.fxe3 Qc7 12.Qd4 f5 13.exf6 Nxf6 14.O-O O-O 15.Ne4 Qa7
16.Nxf6+ Rxf6 17.Rxf6 Qxd4 18.exd4 gxf6 19.a4 bxa4 20.Rxa4 Rb8 21.b3 Rb6
22.d5 Bb7 23.dxe6 dxe6 24.Rd4 Kf7 25.Rd7+ Kg6 26.Bd3+ f5 27.g4 a5 28.Kf2 Ba6
29.gxf5+ exf5 30.Ke3 Re6+ 31.Kf4 Bxd3 32.cxd3 Rb6 33.d4 Re6 34.Rd5 Re4+ 35.Kf3 h5
36.Rxa5 Rxd4 37.Ra4  1/2-1/2

[Event "XVIII Open"]
[Site "Ferrol ESP"]
[Date "2002.07.18"]
[Round "2"]
[White "De los Santos Honrubia,M"]
[Black "Ivanov,J"]
[Result "0-1"]
[WhiteElo "2089"]
[BlackElo "2414"]

1.e4 c5 2.Nf3 e6 3.d4 cxd4 4.Nxd4 a6 5.Nc3 b5 6.a3 Bb7 7.Bd3 Qc7 8.O-O Nf6
9.Kh1 Bc5 10.Nb3 Be7 11.f4 d6 12.Qe1 Nbd7 13.Qg3 O-O 14.Bd2 Kh8 15.Rae1 e5
16.fxe5 dxe5 17.Nd1 Nc5 18.Nxc5 Bxc5 19.Bc3 Rae8 20.Rf5 Bd6 21.Qh4 Qd8 22.Bd2 Bc8
23.Rff1 Be7 24.Bg5 Ng8 25.Bxe7 Nxe7 26.Ne3 Qd4 27.b3 f5 28.Qf2 f4 29.Nd5 Nxd5
30.Qxd4 exd4 31.exd5 g5 32.Re4 Rxe4 33.Bxe4 Re8 34.Bd3 Re5 35.d6 Kg7 36.Kg1 h6
37.Kf2 Kf6 38.Re1 Rxe1 39.Kxe1 Ke5 40.Kd2 Kxd6 41.Be4 Ke5 42.Kd3 Be6 43.Bb7 a5
44.Bc6 Bf5+ 45.Kd2 b4  0-1

[Event "Open Aegean Ch"]
[Site "Ikaros GRE"]
[Date "2002.07.19"]
[Round "7"]
[White "Radovanovic,D"]
[Black "Vasilevich,T"]
[Result "1-0"]
[WhiteElo "2294"]
[BlackElo "2425"]

1.e4 c5 2.Nf3 e6 3.d4 cxd4 4.Nxd4 a6 5.Nc3 b5 6.Bd3 Qb6 7.Nb3 Qc7 8.O-O Nf6
9.Qe2 d6 10.Bd2 Bb7 11.a4 b4 12.Na2 d5 13.e5 Nfd7 14.f4 Be7 15.Kh1 Nc6 16.Rae1 O-O
17.Rf3 g6 18.Rh3 Rfe8 19.Qg4 Nf8 20.Nac1 f5 21.Qe2 Nd7 22.c3 Nb6 23.Nd4 Nxd4
24.cxd4 Nxa4 25.Be3 Rec8 26.Nb3 Nb6 27.g4 Qd7 28.Rg1 Bf8 29.gxf5 exf5 30.Rg5 Bg7
31.Bxf5 Qa4 32.Bf2 gxf5 33.Qh5 Rc7 34.Qxh7+ Kf8 35.Qh5 Rf7 36.e6  1-0

[Event "KB Czech Open"]
[Site "Pardubice CZE"]
[Date "2002.07.19"]
[Round "1"]
[White "Macieja,B"]
[Black "Berger,Stev"]
[Result "1-0"]
[WhiteElo "2607"]
[BlackElo "2305"]

1.e4 c5 2.Nc3 e6 3.Nf3 a6 4.d4 cxd4 5.Nxd4 b5 6.Bd3 Qb6 7.Be3 Bc5 8.Be2 Nc6
9.Nxc6 Bxe3 10.fxe3 Qxc6 11.Qd4 Ne7 12.Bf3 Qc7 13.Qxg7 Rg8 14.Qxh7 b4 15.Ne2 Qe5
16.Bh5 Rg7 17.Qh8+ Ng8 18.Rf1  1-0

[Event "Capital of Siberia Open"]
[Site "Novosibirsk RUS"]
[Date "2002.07.20"]
[Round "2"]
[White "Kazakov,P"]
[Black "Aliqogin,J"]
[Result "1-0"]
[WhiteElo "2424"]
[BlackElo "2245"]

1.e4 c5 2.Nf3 e6 3.Nc3 a6 4.d4 cxd4 5.Nxd4 b5 6.Bd3 Qb6 7.Nde2 Bb7 8.O-O d6
9.Be3 Qc7 10.b4 Nf6 11.a4 bxa4 12.Rxa4 Be7 13.Qa1 O-O 14.b5 Nbd7 15.bxa6 Bc6
16.Nb5 Bxb5 17.Bxb5 Nc5 18.Bxc5 dxc5 19.e5 Nd5 20.Re4 Nb4 21.c3 Qb6 22.Bc4 Nxa6
23.Ng3 Nc7 24.Qd1 Ra3 25.Qd7 Bg5 26.Qd3 Rd8 27.Qf3 Qb2 28.Rg4 Be7 29.Ne4 g6
30.Rf4 Rf8 31.Qh3 Nd5 32.Rf3 Ra4 33.Bxd5 exd5 34.Nf6+ Bxf6 35.exf6 Ra1 36.g3 Qe2
37.Rxa1 Qxf3 38.Qh4 Re8 39.Qa4 Rf8 40.Qc6 Qxc3 41.Rd1 d4 42.Qd6 Qb3 43.Re1 d3
44.h4 Qc3 45.Rb1 Re8  1-0

[Event "XVIII Open"]
[Site "Ferrol ESP"]
[Date "2002.07.21"]
[Round "5"]
[White "Rizouk,A"]
[Black "Korneev,O"]
[Result "1/2-1/2"]
[WhiteElo "2499"]
[BlackElo "2583"]

1.e4 c5 2.Nf3 e6 3.d4 cxd4 4.Nxd4 a6 5.Nc3 Qc7 6.Bd3 Nc6 7.Nxc6 dxc6 8.O-O e5
9.f4 Nf6 10.Kh1 Bd6 11.f5 h5 12.Be3 Ng4 13.Bg1 Qe7 14.Be2 Nf6 15.Qd3 Bc5
16.Bxc5 Qxc5 17.Rfd1 O-O 18.Qg3 b5 19.a3  1/2-1/2

[Event "25th Open"]
[Site "Ghent BEL"]
[Date "2002.07.21"]
[Round "4"]
[White "Tan,D"]
[Black "Meijers,V"]
[Result "0-1"]
[WhiteElo "2292"]
[BlackElo "2427"]

1.e4 c5 2.Nc3 e6 3.Nf3 a6 4.d4 cxd4 5.Nxd4 Qc7 6.Bd3 b5 7.O-O Bb7 8.a3 Nf6
9.Kh1 Bc5 10.Nb3 Be7 11.f4 d6 12.Be3 Nbd7 13.Qf3 h5 14.Bg1 h4 15.h3 Rc8 16.Bh2 Nb6
17.Qf2 Nc4 18.e5 dxe5 19.fxe5 Nxe5 20.Qe2 Nfd7 21.Rae1 Bf6 22.Nd2 Qb6 23.Nde4 Be7
24.Rd1 Rd8 25.Bg1 Qc6 26.Qf2 f5 27.Bh2 O-O 28.Nd2 Nxd3 29.cxd3 Ne5 30.Nf3 Nxd3
31.Rxd3 Rxd3 32.Ne5 Qd6 33.Nxd3 Qxd3 34.Rd1 Qxh3 35.Rd7 Bc5 36.Qe2 Ba8 37.Qxe6+ Kh8
38.Nd5 Bxd5 39.Rxd5 Qe3 40.Qxe3 Bxe3 41.Be5 Kh7 42.Rd7 Bh6 43.Bc3 Re8 44.Rd6 Bf4
45.Rxa6 Rd8 46.Kg1 Bg3 47.Kf1 Rd1+ 48.Ke2 Rg1 49.Kf3 Rf1+ 50.Ke3 f4+ 51.Ke4 f3
52.gxf3 h3 53.Ra7 h2 54.Rxg7+ Kh6 55.Rg8 h1=Q 56.Rh8+ Kg6  0-1

[Event "25th Open"]
[Site "Ghent BEL"]
[Date "2002.07.22"]
[Round "6"]
[White "Van Riemsdijk,H"]
[Black "Meijers,V"]
[Result "0-1"]
[WhiteElo "2362"]
[BlackElo "2427"]

1.e4 c5 2.Nf3 e6 3.d4 cxd4 4.Nxd4 a6 5.Nc3 Qc7 6.g3 b5 7.Bg2 Bb7 8.O-O Be7
9.Re1 d6 10.a4 bxa4 11.Rxa4 Nd7 12.Nb3 Nb6 13.Ra1 Nc4 14.Nd2 Nxd2 15.Bxd2 Nf6
16.Na4 h5 17.Re3 h4 18.Rc3 Qd8 19.e5 Ne4 20.Rb3 hxg3 21.hxg3 Bd5 22.Re3 Ng5
23.Bxd5 exd5 24.Qg4 Kf8 25.Bc3 dxe5 26.Bxe5 Bf6 27.Rd1 Ne6 28.Qf3 d4 29.Bxf6 gxf6
30.Red3 Rb8 31.c4 Rh6 32.b3 Qa5 33.c5 Kg7 34.Qg4+ Rg6 35.Qe4 Qc7 36.Kf1 Rh8
37.Ke1 Rh5 38.Kd2 Qa5+ 39.Kc2 Nxc5 40.Qxd4 Nxd3 41.Rxd3 Rh1 42.Rd2 Qf5+ 43.Kb2 Rg4
44.Qc3 Rf1 45.f4 Qb1+ 46.Ka3 Qa1+ 47.Qxa1 Rxa1+ 48.Kb2 Rg1 49.Nc5 R1xg3 50.Rd7 Kg6
51.Rd6 Rxf4 52.Rxa6 Re3 53.Ka3 Rd4 54.Ra7 f5 55.Ra6+ Kg7  0-1

[Event "Open"]
[Site "Bergen NOR"]
[Date "2002.07.23"]
[Round "4"]
[White "Heim,S"]
[Black "Yakovich,Y"]
[Result "1-0"]
[WhiteElo "2385"]
[BlackElo "2586"]

1.e4 c5 2.Nf3 e6 3.d4 cxd4 4.Nxd4 a6 5.Nc3 d6 6.Be3 Nf6 7.f3 b5 8.g4 Nfd7
9.Qd2 Nb6 10.O-O-O Bb7 11.Bg5 Qc8 12.Kb1 N8d7 13.Bd3 Nc4 14.Bxc4 Qxc4 15.Rhe1 h6
16.Bh4 h5 17.Nf5 Qc6 18.Qg5 Rh7 19.Nd4 Qc4 20.Nxe6 Qxe6 21.Nd5 f6 22.Qg6+ Kd8
23.Qxh7 hxg4 24.f4 Rc8 25.f5 Qf7 26.Nxf6 Nxf6 27.e5 Rc7 28.exf6 gxf6 29.Qh8 Kc8
30.Rxd6  1-0

[Event "XVIII Open"]
[Site "Ferrol ESP"]
[Date "2002.07.23"]
[Round "7"]
[White "Rizouk,A"]
[Black "Paunovic,D"]
[Result "1/2-1/2"]
[WhiteElo "2499"]
[BlackElo "2514"]

1.e4 c5 2.Nf3 e6 3.d4 cxd4 4.Nxd4 a6 5.Nc3 Qc7 6.Bd3 Nf6 7.O-O Be7 8.Qe2 d6
9.f4 Nbd7 10.Kh1 b5 11.Nf3 b4 12.Nd1 Bb7 13.Bd2  1/2-1/2

[Event "25th Open"]
[Site "Ghent BEL"]
[Date "2002.07.23"]
[Round "8"]
[White "Van Haastert,E"]
[Black "Emms,J"]
[Result "1/2-1/2"]
[WhiteElo "2427"]
[BlackElo "2544"]

1.e4 c5 2.Nf3 e6 3.d4 cxd4 4.Nxd4 a6 5.Nc3 Qc7 6.Bd3 Nf6 7.O-O Bc5 8.Nb3 Be7
9.f4 d6 10.Qf3 Nbd7 11.Bd2 b5 12.a4 b4 13.Nd1 a5 14.Kh1 Bb7 15.Nf2 O-O 16.c3 bxc3
17.Bxc3 d5 18.e5 d4 19.Bxa5 Rxa5 20.Qh3 Rd5 21.exf6 Nxf6 22.Ng4 g6 23.Nxf6+ Bxf6
24.Nd2 Rh5 25.Qg4 Be7 26.Qe2 Bb4 27.Ne4 Bxe4 28.Bxe4 Rc5 29.Bd3 Rd8 30.Qg4 Kg7
31.Qe2 Qa5 32.Rfd1 Qc7  1/2-1/2

[Event "KB Czech Open"]
[Site "Pardubice CZE"]
[Date "2002.07.23"]
[Round "5"]
[White "Vorobiov,E"]
[Black "Lingnau,C"]
[Result "1/2-1/2"]
[WhiteElo "2542"]
[BlackElo "2426"]

1.e4 c5 2.Nf3 e6 3.Nc3 a6 4.d4 cxd4 5.Nxd4 b5 6.Bd3 Qb6 7.Nf3 Nc6 8.O-O Qb8
9.Re1 Bb7 10.e5 Nge7 11.Bf4 f5 12.Bg3 Nb4 13.Nd4 Nxd3 14.Qxd3 Qc8 15.Rad1 Ng6
16.Nxf5 exf5 17.Qxf5 Qc6 18.Ne4 O-O-O 19.Re3 b4 20.c3 Bc5 21.Ree1 Rdf8 22.Qh3 Nf4
23.Bxf4 Rxf4 24.Nxc5 Qxc5 25.Qxd7+ Kb8 26.Re3 Rhf8 27.cxb4 Qb6 28.Qd2 Rxb4
29.b3 Rg4 30.Rg3 Rxg3 31.hxg3 Ka8 32.Qe2 Qc6 33.f3 Qc5+ 34.Kh2 Re8 35.Re1 Qe7
36.Qe3 h5 37.Qd4 Qe6 38.Qc5 g5 39.Rd1 h4 40.gxh4 gxh4 41.Rd6 Qg8 42.Qd4 Qg3+
43.Kg1 Qe1+ 44.Kh2 Qxe5+ 45.Qxe5 Rxe5 46.Kh3 Rh5 47.a4 Bc8+ 48.g4 hxg3+ 49.Kxg3 Rh3+
50.Kf4 Bb7 51.Kg4 Bc8+ 52.Kf4 Ka7 53.Ke3 Bb7 54.Rf6 Rh4 55.a5 Bd5 56.Rb6 Bf7
57.b4 Bc4 58.f4 Bb5 59.Ke4 Rh1 60.f5 Re1+ 61.Kd5 Rd1+ 62.Ke5 Re1+ 63.Kd6 Rf1
64.Ke5 Re1+ 65.Kf4 Rf1+ 66.Kg5 Rg1+ 67.Kh6 Rh1+ 68.Kg7 Rg1+ 69.Kf8 Rc1 70.f6 Rf1
71.Kf7 Bc4+ 72.Ke7 Re1+ 73.Kd6 Ba2 74.Kc6 Rc1+ 75.Kd6  1/2-1/2

[Event "24th Politiken Cup"]
[Site "Copenhagen DEN"]
[Date "2002.07.25"]
[Round "10"]
[White "Felgaer,R"]
[Black "Epishin,V"]
[Result "1-0"]
[WhiteElo "2509"]
[BlackElo "2643"]

1.e4 c5 2.Nf3 e6 3.d4 cxd4 4.Nxd4 a6 5.Nc3 b5 6.Bd3 Qb6 7.Nf3 Qc7 8.O-O Bb7
9.Re1 Be7 10.a4 b4 11.Ne2 Nf6 12.Bf4 d6 13.Ng3 Nc6 14.e5 dxe5 15.Nxe5 Nxe5
16.Bxe5 Qc6 17.Ne4 O-O-O 18.Qf3 Rd5 19.Nxf6 gxf6 20.Bxf6 Rg8 21.Be4 Bxf6
22.Qxf6 Qd7 23.Bxd5 Qxd5 24.f3 Qxf3 25.Qxf3 Bxf3 26.g3 Rd8 27.Rf1 Bh5 28.Rf4 Rd2
29.Rf2 Rd5 30.c3 bxc3 31.Rc1 Kd7 32.Rxc3 Bg6 33.Rc4 e5 34.b4 e4 35.Re2 f5
36.Rcc2 Rd1+ 37.Kf2 Rb1 38.Red2+ Ke6 39.Rb2 Rc1 40.b5 Rc3 41.Re2 axb5 42.axb5 f4
43.gxf4 Rf3+ 44.Kg1 Rxf4 45.Rf2 Rg4+ 46.Rg2 Rf4 47.Rbf2 Rh4 48.b6 e3 49.Rb2 Rd4
50.Rge2 Rg4+ 51.Rg2 Rd4 52.Rxg6+ hxg6 53.Kf1 Rf4+ 54.Ke1 Rf8 55.b7 Rb8 56.Ke2 Kd7
57.Kxe3 Kc7 58.Kf4 Rf8+ 59.Kg5 Kb8 60.Kxg6 Rh8 61.Kg5 Rg8+ 62.Kf4 Rh8 63.Kg3 Rg8+
64.Kf3 Rh8 65.Kg2 Rg8+ 66.Kh1 Rg7 67.h3 Rg8 68.Kh2 Rh8 69.Rb4 Rg8 70.h4 Rg7
71.Kh3 Rg1 72.h5 Rg8 73.Kh4 Rg1 74.Rb5 Rg2 75.h6 Rg1 76.Kh5  1-0

[Event "6th Open"]
[Site "Korinthos GRE"]
[Date "2002.07.25"]
[Round "3"]
[White "Khamatgaleev,A"]
[Black "Gershon,A"]
[Result "1/2-1/2"]
[WhiteElo "2416"]
[BlackElo "2556"]

1.e4 c5 2.Nf3 e6 3.Nc3 a6 4.d4 cxd4 5.Nxd4 Qc7 6.Bd3 Nc6 7.Nxc6 dxc6 8.O-O e5
9.f4 Nf6 10.f5 Bc5+ 11.Kh1 b5 12.a4 Bb7 13.Qe2 Rd8 14.Nb1 h6 15.Nd2 O-O 16.Nf3 Be7
17.b3 Nd7 18.Qe1 Kh7 19.Qg3 c5 20.axb5 axb5 21.Bxb5 Bxe4 22.Bxd7 Qxd7 23.Nxe5 Qb5
24.Bxh6 gxh6 25.f6 Bxf6 26.Rxf6 Qe2 27.Rg1 Rd1 28.Ng4 Rxg1+ 29.Kxg1 Qd1+
30.Rf1 Qd4+ 31.Kh1 f5 32.Qc7+ Qg7 33.Qxg7+ Kxg7 34.Ne3 f4 35.Nc4 Bxc2 36.Nd2 Rd8
37.Rf2 Bxb3 38.h3 c4 39.Kh2 Rd4 40.Nb1 Rd1 41.Nc3 Rd3 42.Ne4 c3 43.Nxc3 Rxc3
44.Rxf4 Bd5 45.Rd4 Be6 46.Rd2 Bf5 47.Rd4 Rc2 48.Kg1 Kf6 49.Rd6+ Be6 50.Rd4 Rc4
51.Rd2 Kf5 52.Rf2+ Rf4 53.Rd2 Ke5 54.Re2+ Re4 55.Rb2 Kf4 56.Rf2+ Kg3 57.Rf3+ Kh4
58.Rf6 Kg5 59.Rf2 Re1+ 60.Kh2 Bd5 61.Rd2 Be4 62.Rb2 Rc1 63.Rb3 Rc2 64.Rg3+ Kf4
65.Rg8 Re2 66.Rg3 Rf2 67.Rg8 Ke3 68.h4 Rc2 69.Kh3 Kf2 70.Kg4 Rc5 71.Rh8 Bf5+
72.Kf4 Kxg2  1/2-1/2